Statistics for MLB Records Not Likely to be Broken

Click here to take the quiz!

General Stats

  • This quiz has been taken 46 times
  • The average score is 16 of 26

Answer Stats

HintAnswer% Correct
Most Intentional base on balls in career (hitter): 688Barry Bonds
95%
Most walks in a season (hitter): 232Barry Bonds
95%
Most career base hits: 4,256Pete Rose
93%
Most plate appearances for a career: 15,890Pete Rose
93%
Most stolen bases in a career: 1406Ricky Henderson
93%
Most stolen bases in a season: 130Ricky Henderson
93%
Most career walks (pitcher): 2,795Nolan Ryan
90%
Most career strikeouts (pitcher): 5,714Nolan Ryan
90%
Most consecutive games played: 2,632Cal Ripken
88%
Most games in a row with a base hit: 56Joe DiMaggio
88%
Highest lifetime batting average: .366Ty Cobb
85%
Most career wins for a pitcher: 511Cy Young
83%
Most career total bases: 6,856Hank Aaron
78%
Most Hits in a season: 262Ichiro Suzuki
78%
Most runs scored in a season: 177Babe Ruth
68%
Most career world series home runs: 18Mickey Mantle
56%
Most triples in a season: 36Chief Wilson
49%
Most grand slams slugged in one inning: 2Fernando Tatis
49%
Most RBI in a season: 191Hack Wilson
49%
Highest batting average in a season: .424Rogers Hornsby
34%
Most consecutive no-hitters: 2Johnny Vander Meer
27%
Most hit by pitch (hitter) for a season: 50Ron Hunt
10%
Most career triples: 309Sam Crawford
10%
Fewest strikeouts in a season (hitter): 3Joe Sewell
7%
Lowest strikeout rate career: 1.59% - 114 stikeouts in 7,132 ABsJoe Sewell
7%
Most thrown out baserunners in a season since WWII: 89Jody Davis
5%

Score Distribution

Percentile by Number Answered

Percent of People with Each Score

Your Score History

You have not taken this quiz